| 000 | 00580nam a2200205 a 4500 | ||
|---|---|---|---|
| 001 | 83871 | ||
| 003 | BD-RjUL | ||
| 005 | 20240602155626.0 | ||
| 008 | 240602s1817 enk||||| |||| 00| 0 eng d | ||
| 035 | _a(BD-RjUL)83871 | ||
| 040 |
_aBD-RjUL _beng _cBD-RjUL |
||
| 041 | _aeng | ||
| 082 |
_223 _a823 _bSHF 1817 |
||
| 100 |
_aShelley, Mary Wollstonecraft _913271 |
||
| 245 |
_aFrankenstein or The modern Prometheus / _cMary Wollstonecraft Shelley |
||
| 260 |
_aLondon : _bThe readers library, _c[1817?] |
||
| 300 |
_a252 p.; _c17 cm. |
||
| 650 | _aEnglish fiction | ||
| 942 |
_2ddc _cBK |
||
| 999 |
_c83871 _d83871 |
||